000 00614nam a22001937a 4500
003 OSt
005 20260202040954.0
008 260202b |||||||| |||| 00| 0 eng d
020 _a13 : 978-0-495-10299-2.
040 _aDWC-Main lib
_cOC
082 _aCirc. 150 K14i 2008
100 _aKalat, James W.
245 _aIntroduction to psychology
_cJames W. Kalat
260 _aUSA :
_bThomson Higher Education,
_cc2008.
300 _axxvi, various paging :
_bcolored illustration ;
_c27 cm.
504 _aIncludes bibliographical references and index.
650 _a1. Psychology.
942 _2ddc
_cBK-CIRC
_kCirc.
_n0
999 _c8109
_d8109